MARC

LEADER 00000nam0a2200000 4500
001 370601
005 20231102012309.0
035 |a (RuTPU)RU\TPU\retro\28010 
090 |a 370601 
100 |a 20220715d1978 km y0rusy50 ca 
101 0 |a rus 
102 |a RU 
105 |a a z 001zy 
200 1 |a Процессы структурирования эластомеров  |f А. А. Донцов 
210 |a Москва  |c Химия  |d 1978 
215 |a 288 с.  |c ил. 
320 |a Библиография в конце глав 
320 |a Предметный указатель: с. 282-287 
606 1 |a Эластомеры  |x Получение  |2 stltpush  |3 (RuTPU)RU\TPU\subj\26819  |9 50660 
610 1 |a структура 
610 1 |a трехмерные эластомерные сетки 
610 1 |a гетерогенная вулканизация 
610 1 |a непредельные соединения 
610 1 |a серная вулканизация 
610 1 |a бессерная вулканизация 
610 1 |a гетерогенные процессы 
675 |a 678.074  |v 4 
700 1 |a Донцов  |b А. А.  |g Анатолий Андреевич 
801 1 |a RU  |b 63413507  |c 20220715 
801 2 |a RU  |b 63413507  |c 20220715  |g RCR 
942 |c BK